000 00494nam a2200181Ia 4500
003 GCL
008 140319s9999 xx 000 0 ara d
040 _aGCL /
_cGCL
082 0 4 _a910
_bف ا
100 1 _aمحمد الفيل
245 1 0 _aاصول الجغرافية البشرية /
_cمحمد الفيل
700 1 _aفؤاد محمد الصقار
300 _a336 ص
490 _a
650 0 4 _aالجغرافيا
650 0 4 _aالجغرافيا البشرية
942 _2ddc
_cBK
999 _c41046
_d41046